00512nam a2200169Ia 4500003000400000008004100004040001600045082001600061100002300077245009500100700002300195260003900218300001000257650002200267650002000289650003300309GCL140319s9999 xx 000 0 eng d aGCL / cGCL04a346.73bE P1 aPETERSON, RENNO L.10aPROTECT YOUR STATE: A PERSONAL GUIDE TO INTELLIGENT ESTATE PLANNING / cPETERSON, RENNO L.1 aESPERTI, ROBERT A. a[S.N] : bMC GRAW - HILL ، c1993 a295\P04aLAW - LEGISLATION04aESTATE PLANNING04aINHERITANCE AND TRANSFER TAX